De l'acte
I tiakina i:
| Kaituhi matua: | |
|---|---|
| Hōputu: | Pukapuka |
| Reo: | Wīwī |
| I whakaputaina: |
París
Fernand Aubier
1946
|
| Rangatū: | Philosophie de l'Esprit. La dialectique de L'Éternel Présent
|
| Ngā marau: | |
| Ngā Tūtohu: |
Tāpirihia he Tūtohu
Kāore He Tūtohu, Me noho koe te mea tuatahi ki te tūtohu i tēnei pūkete!
|
MARC
| LEADER | 00000nam a2200000 a 4500 | ||
|---|---|---|---|
| 001 | UCZ5291 | ||
| 003 | CL-VaPUC | ||
| 008 | 951117e19460000FR |||||||||||||||||fre|d | ||
| 082 | 0 | 4 | |a 110 |b LAV |2 21 |
| 100 | |a Lavelle, Louis |e author |9 354286 | ||
| 245 | 1 | 0 | |a De l'acte |
| 300 | |a 541 p | ||
| 942 | |c BK | ||
| 945 | |d 19951117 00:00:00 |a lriquelm | ||
| 260 | |a París |b Fernand Aubier |c 1946 | ||
| 650 | 0 | |a Metafísica |9 265649 | |
| 650 | 0 | |a Ontología |9 256850 | |
| 650 | 0 | |a Filosofía del espíritu |9 320175 | |
| 650 | 7 | |a SER |2 CL-VaPUC |9 320176 | |
| 650 | 0 | |a Naturaleza humana |9 308593 | |
| 583 | |a last modification |c 19951117 00:00:00 |k Rodrigo Vera | ||
| 490 | 0 | |a Philosophie de l'Esprit. La dialectique de L'Éternel Présent | |
| 999 | |c 241610 |d 241608 | ||
| 952 | |0 0 |1 0 |4 0 |6 110_000000000000000_LAV_1946 |7 0 |8 P |9 253987 |a BIBEDU |b BIBEDU |c BIBEDU_PB |d 2019-11-19 |i 1573594 |o 110 LAV 1946 |p 1573594 |r 2024-01-25 |w 2019-11-19 |y BK |k FIL | ||